000 00351nam a2200133Ia 4500
008 240624s9999 xx 000 0 und d
041 _aeng
082 _a651.7 BLY
100 _aBLY ROBERT W
245 _aNEW EMAIL REVOLUTION SAVE TIME MAKE MONE
260 _c2018
_aNew York
_bSkyhorse Publishing
300 _axiii, 354 p.; 23 cm.
365 _c
_b25
999 _c32043
_d32043